[Event "Deutsche Ländermeisterschaft 2023"]
[Site "Hannover GER"]
[Date "2023.10.02"]
[Round "3"]
[White "Bardorz, Jana"]
[Black "Knüdel, Torben"]
[Result "0-1"]
[Termination "normal"]
[Board "3.2"]
[WhiteElo "2073"]
[BlackElo "2275"]
[WhiteClock "00:00:42"]
[BlackClock "00:01:34"]
[WhiteTeam "Bayern"]
[BlackTeam "Niedersachsen"]
[PlyCount "93"]
[WhiteFideId "16208897"]
[BlackFideId "16208820"]
[EventCountry "GER"]
[EventRounds "7"]
[EventType "team-swiss"]
[EventDate "2023.09.30"]

1. e4 {[%clk 01:30:56]} {[%emt 00:00:03]} e5 {[%clk 01:30:54]} {[%emt
00:00:06]} 2. Nf3 {[%clk 01:31:20]} {[%emt 00:00:06]} Nc6 {[%clk 01:31:19]}
{[%emt 00:00:04]} 3. d4 {[%clk 01:31:43]} {[%emt 00:00:07]} exd4 {[%clk
01:31:44]} {[%emt 00:00:05]} 4. Nxd4 {[%clk 01:32:06]} {[%emt 00:00:07]} Nf6
{[%clk 01:30:56]} {[%emt 00:01:18]} 5. Nc3 {[%clk 01:31:45]} {[%emt 00:00:52]}
Bb4 {[%clk 01:30:34]} {[%emt 00:00:51]} 6. Nxc6 {[%clk 01:32:05]} {[%emt
00:00:10]} bxc6 {[%clk 01:30:58]} {[%emt 00:00:05]} 7. Bd3 {[%clk 01:32:29]}
{[%emt 00:00:07]} O-O {[%clk 01:30:46]} {[%emt 00:00:43]} 8. O-O {[%clk
01:32:51]} {[%emt 00:00:07]} Re8 {[%clk 01:30:00]} {[%emt 00:01:16]} 9. Bg5
{[%clk 01:23:03]} {[%emt 00:10:19]} Rb8 {[%clk 01:28:17]} {[%emt 00:02:14]} 10.
Re1 {[%clk 01:18:15]} {[%emt 00:05:18]} Bd6 {[%clk 01:20:30]} {[%emt 00:08:16]}
11. Rb1 {[%clk 01:14:17]} {[%emt 00:04:28]} h6 {[%clk 01:13:03]} {[%emt
00:07:57]} 12. Bd2 {[%clk 01:08:02]} {[%emt 00:06:45]} Be5 {[%clk 01:11:23]}
{[%emt 00:02:10]} 13. h3 {[%clk 01:01:42]} {[%emt 00:06:50]} Bb7 {[%clk
00:47:54]} {[%emt 00:23:59]} 14. Ne2 {[%clk 00:53:31]} {[%emt 00:08:41]} d5
{[%clk 00:42:08]} {[%emt 00:06:16]} 15. f4 {[%clk 00:45:11]} {[%emt 00:08:49]}
dxe4 {[%clk 00:40:50]} {[%emt 00:01:49]} 16. fxe5 {[%clk 00:44:11]} {[%emt
00:01:31]} exd3 {[%clk 00:41:12]} {[%emt 00:00:07]} 17. Nf4 {[%clk 00:39:24]}
{[%emt 00:05:17]} dxc2 {[%clk 00:35:28]} {[%emt 00:06:14]} 18. Qxc2 {[%clk
00:39:44]} {[%emt 00:00:09]} Nd5 {[%clk 00:35:35]} {[%emt 00:00:23]} 19. Nd3
{[%clk 00:35:37]} {[%emt 00:04:37]} Bc8 {[%clk 00:30:15]} {[%emt 00:05:51]} 20.
Rf1 {[%clk 00:31:40]} {[%emt 00:04:26]} Re6 {[%clk 00:28:22]} {[%emt 00:02:23]}
21. Rbe1 {[%clk 00:28:55]} {[%emt 00:03:15]} Rg6 {[%clk 00:25:30]} {[%emt
00:03:22]} 22. Kh2 {[%clk 00:28:04]} {[%emt 00:01:21]} Qh4 {[%clk 00:22:24]}
{[%emt 00:03:36]} 23. Bf4 {[%clk 00:25:44]} {[%emt 00:02:50]} Bf5 {[%clk
00:20:55]} {[%emt 00:01:59]} 24. e6 {[%clk 00:20:34]} {[%emt 00:05:40]} fxe6
{[%clk 00:16:06]} {[%emt 00:05:19]} 25. Be5 {[%clk 00:18:21]} {[%emt 00:02:43]}
Qg5 {[%clk 00:15:55]} {[%emt 00:00:42]} 26. g4 {[%clk 00:11:41]} {[%emt
00:07:09]} Nb4 {[%clk 00:14:35]} {[%emt 00:01:50]} 27. Rxf5 {[%clk 00:10:12]}
{[%emt 00:01:59]} Nxc2 {[%clk 00:13:44]} {[%emt 00:01:21]} 28. Rxg5 {[%clk
00:10:33]} {[%emt 00:00:09]} Rxg5 {[%clk 00:13:59]} {[%emt 00:00:16]} 29. Re2
{[%clk 00:08:25]} {[%emt 00:02:38]} Nb4 {[%clk 00:10:29]} {[%emt 00:03:59]} 30.
Nxb4 {[%clk 00:08:14]} {[%emt 00:00:41]} Rxb4 {[%clk 00:10:25]} {[%emt
00:00:33]} 31. Bc3 {[%clk 00:08:33]} {[%emt 00:00:12]} Ra4 {[%clk 00:08:57]}
{[%emt 00:01:58]} 32. Rxe6 {[%clk 00:08:33]} {[%emt 00:00:30]} Rc5 {[%clk
00:06:51]} {[%emt 00:02:34]} 33. a3 {[%clk 00:07:21]} {[%emt 00:01:43]} Kf7
{[%clk 00:06:07]} {[%emt 00:01:14]} 34. Re3 {[%clk 00:07:33]} {[%emt 00:00:19]}
Rd5 {[%clk 00:05:23]} {[%emt 00:01:14]} 35. Kg3 {[%clk 00:06:45]} {[%emt
00:01:18]} Rd7 {[%clk 00:04:01]} {[%emt 00:01:52]} 36. Bb4 {[%clk 00:06:39]}
{[%emt 00:00:36]} Ra6 {[%clk 00:03:28]} {[%emt 00:01:03]} 37. Kf3 {[%clk
00:05:17]} {[%emt 00:01:51]} Rb6 {[%clk 00:03:28]} {[%emt 00:00:31]} 38. Re5
{[%clk 00:04:17]} {[%emt 00:01:30]} Rb5 {[%clk 00:03:39]} {[%emt 00:00:18]} 39.
Re3 {[%clk 00:04:21]} {[%emt 00:00:26]} Rbd5 {[%clk 00:03:55]} {[%emt
00:00:15]} 40. Ke4 {[%clk 00:03:56]} {[%emt 00:00:55]} Rd4+ {[%clk 00:04:08]}
{[%emt 00:00:16]} 41. Kf3 {[%clk 00:04:11]} {[%emt 00:00:15]} Rd3 {[%clk
00:04:06]} {[%emt 00:00:32]} 42. Bc3 {[%clk 00:04:35]} {[%emt 00:00:07]} Rxe3+
{[%clk 00:04:17]} {[%emt 00:00:18]} 43. Kxe3 {[%clk 00:05:00]} {[%emt
00:00:05]} Ke6 {[%clk 00:04:24]} {[%emt 00:00:23]} 44. Ke4 {[%clk 00:05:20]}
{[%emt 00:00:10]} g6 {[%clk 00:02:11]} {[%emt 00:02:43]} 45. h4 {[%clk
00:02:06]} {[%emt 00:03:44]} Rd1 {[%clk 00:01:20]} {[%emt 00:01:19]} 46. Bg7
{[%clk 00:00:42]} {[%emt 00:01:55]} Rh1 {[%clk 00:01:34]} {[%emt 00:00:16]} 47.
Kd4 {[%emt 00:00:41]} 0-1

[Event "Deutsche Ländermeisterschaft 2023"]
[Site "Hannover GER"]
[Date "2023.10.02"]
[Round "3"]
[White "von Mettenheim, Johannes"]
[Black "Stichter, Constantin Paul"]
[Result "1-0"]
[Termination "normal"]
[Board "3.3"]
[WhiteElo "2323"]
[BlackElo "1945"]
[WhiteClock "00:08:52"]
[BlackClock "00:11:04"]
[WhiteTeam "Niedersachsen"]
[BlackTeam "Bayern"]
[PlyCount "61"]
[WhiteFideId "16244818"]
[BlackFideId "34603140"]
[EventCountry "GER"]
[EventRounds "7"]
[EventType "team-swiss"]
[EventDate "2023.09.30"]

1. d4 {[%clk 01:30:58]} {[%emt 00:00:01]} d5 {[%clk 01:30:59]} {[%emt
00:00:02]} 2. c4 {[%clk 01:31:20]} {[%emt 00:00:08]} e6 {[%clk 01:31:27]}
{[%emt 00:00:03]} 3. Nf3 {[%clk 01:31:16]} {[%emt 00:00:33]} Nf6 {[%clk
01:31:46]} {[%emt 00:00:12]} 4. g3 {[%clk 01:31:35]} {[%emt 00:00:10]} Be7
{[%clk 01:32:04]} {[%emt 00:00:11]} 5. Bg2 {[%clk 01:32:02]} {[%emt 00:00:05]}
O-O {[%clk 01:32:26]} {[%emt 00:00:08]} 6. O-O {[%clk 01:31:54]} {[%emt
00:00:37]} b6 {[%clk 01:32:46]} {[%emt 00:00:11]} 7. cxd5 {[%clk 01:32:18]}
{[%emt 00:00:06]} exd5 {[%clk 01:33:09]} {[%emt 00:00:07]} 8. Nc3 {[%clk
01:32:35]} {[%emt 00:00:13]} Bb7 {[%clk 01:30:21]} {[%emt 00:03:18]} 9. Qb3
{[%clk 01:32:45]} {[%emt 00:00:20]} Re8 {[%clk 01:20:39]} {[%emt 00:10:12]} 10.
Rd1 {[%clk 01:27:17]} {[%emt 00:05:58]} c6 {[%clk 01:19:24]} {[%emt 00:01:45]}
11. e4 {[%clk 01:21:42]} {[%emt 00:06:04]} Nxe4 {[%clk 00:52:33]} {[%emt
00:27:22]} 12. Nxe4 {[%clk 01:21:57]} {[%emt 00:00:14]} dxe4 {[%clk 00:52:57]}
{[%emt 00:00:07]} 13. Ne5 {[%clk 01:13:06]} {[%emt 00:09:21]} Qd5 {[%clk
00:51:32]} {[%emt 00:01:55]} 14. Bxe4 {[%clk 01:12:39]} {[%emt 00:00:56]} Qxb3
{[%clk 00:51:56]} {[%emt 00:00:05]} 15. axb3 {[%clk 01:13:04]} {[%emt
00:00:06]} Bd6 {[%clk 00:51:21]} {[%emt 00:01:05]} 16. Bf3 {[%clk 01:06:55]}
{[%emt 00:06:39]} f6 {[%clk 00:43:10]} {[%emt 00:08:42]} 17. Nd3 {[%clk
01:05:41]} {[%emt 00:01:42]} Nd7 {[%clk 00:38:06]} {[%emt 00:05:36]} 18. b4
{[%clk 01:00:29]} {[%emt 00:05:41]} a6 {[%clk 00:37:44]} {[%emt 00:00:52]} 19.
Be3 {[%clk 00:33:36]} {[%emt 00:27:23]} Rac8 {[%clk 00:36:23]} {[%emt
00:01:51]} 20. Rdc1 {[%clk 00:33:19]} {[%emt 00:00:47]} f5 {[%clk 00:34:02]}
{[%emt 00:02:51]} 21. b5 {[%clk 00:24:09]} {[%emt 00:09:40]} Nb8 {[%clk
00:24:37]} {[%emt 00:09:55]} 22. bxc6 {[%clk 00:17:33]} {[%emt 00:07:06]} Nxc6
{[%clk 00:24:33]} {[%emt 00:00:34]} 23. Rc3 {[%clk 00:15:42]} {[%emt 00:02:21]}
Rc7 {[%clk 00:14:55]} {[%emt 00:10:09]} 24. Bg2 {[%clk 00:16:07]} {[%emt
00:00:04]} Rec8 {[%clk 00:14:13]} {[%emt 00:01:11]} 25. Bd5+ {[%clk 00:14:46]}
{[%emt 00:01:51]} Kf8 {[%clk 00:13:55]} {[%emt 00:00:49]} 26. Be6 {[%clk
00:14:25]} {[%emt 00:00:50]} Rd8 {[%clk 00:13:08]} {[%emt 00:01:17]} 27. Rac1
{[%clk 00:13:58]} {[%emt 00:00:57]} Re7 {[%clk 00:12:09]} {[%emt 00:01:29]} 28.
Bxf5 {[%clk 00:13:06]} {[%emt 00:01:23]} Rf7 {[%clk 00:11:42]} {[%emt
00:00:56]} 29. Be6 {[%clk 00:12:43]} {[%emt 00:00:53]} Re7 {[%clk 00:10:57]}
{[%emt 00:01:16]} 30. Bg4 {[%clk 00:09:43]} {[%emt 00:03:30]} Na7 {[%clk
00:11:04]} {[%emt 00:00:22]} 31. Bg5 {[%clk 00:08:52]} {[%emt 00:01:22]} 1-0

[Event "Deutsche Ländermeisterschaft 2023"]
[Site "Hannover GER"]
[Date "2023.10.02"]
[Round "3"]
[White "Heinisch, Niklas"]
[Black "Nechitaylo, Nikita"]
[Result "1/2-1/2"]
[Termination "normal"]
[Board "3.4"]
[WhiteElo "1919"]
[BlackElo "2139"]
[WhiteClock "00:16:15"]
[BlackClock "01:10:21"]
[WhiteTeam "Bayern"]
[BlackTeam "Niedersachsen"]
[PlyCount "41"]
[WhiteFideId "16295080"]
[BlackFideId "34138161"]
[EventCountry "GER"]
[EventRounds "7"]
[EventType "team-swiss"]
[EventDate "2023.09.30"]

1. c4 {[%clk 01:30:58]} c5 {[%clk 01:30:52]} {[%emt 00:00:09]} 2. Nc3 {[%clk
01:31:14]} {[%emt 00:00:14]} Nc6 {[%clk 01:31:16]} {[%emt 00:00:06]} 3. g3
{[%clk 01:31:42]} {[%emt 00:00:02]} g6 {[%clk 01:31:36]} {[%emt 00:00:09]} 4.
Bg2 {[%clk 01:32:08]} {[%emt 00:00:04]} Bg7 {[%clk 01:31:59]} {[%emt 00:00:07]}
5. e4 {[%clk 01:32:32]} {[%emt 00:00:06]} e6 {[%clk 01:31:53]} {[%emt
00:00:36]} 6. Nge2 {[%clk 01:32:57]} {[%emt 00:00:05]} Nge7 {[%clk 01:32:17]}
{[%emt 00:00:06]} 7. O-O {[%clk 01:33:21]} {[%emt 00:00:07]} O-O {[%clk
01:32:34]} {[%emt 00:00:12]} 8. d3 {[%clk 01:33:43]} {[%emt 00:00:08]} d6
{[%clk 01:32:37]} {[%emt 00:00:27]} 9. Rb1 {[%clk 01:33:50]} {[%emt 00:00:23]}
a5 {[%clk 01:30:45]} {[%emt 00:02:22]} 10. Be3 {[%clk 01:23:21]} {[%emt
00:10:59]} Nd4 {[%clk 01:29:39]} {[%emt 00:01:36]} 11. Qd2 {[%clk 01:22:12]}
{[%emt 00:01:38]} Nec6 {[%clk 01:27:57]} {[%emt 00:02:13]} 12. Rbe1 {[%clk
00:55:29]} {[%emt 00:27:13]} Rb8 {[%clk 01:26:46]} {[%emt 00:01:41]} 13. Bxd4
{[%clk 00:52:58]} {[%emt 00:03:00]} Nxd4 {[%clk 01:26:22]} {[%emt 00:00:54]}
14. Nxd4 {[%clk 00:52:50]} {[%emt 00:00:39]} Bxd4 {[%clk 01:26:39]} {[%emt
00:00:13]} 15. Nb5 {[%clk 00:52:47]} {[%emt 00:00:33]} e5 {[%clk 01:20:39]}
{[%emt 00:06:31]} 16. Nxd4 {[%clk 00:51:44]} {[%emt 00:01:32]} cxd4 {[%clk
01:20:55]} {[%emt 00:00:13]} 17. f4 {[%clk 00:51:52]} {[%emt 00:00:22]} f6
{[%clk 01:20:02]} {[%emt 00:01:24]} 18. fxe5 {[%clk 00:50:29]} {[%emt
00:01:53]} dxe5 {[%clk 01:20:15]} {[%emt 00:00:17]} 19. Rc1 {[%clk 00:22:28]}
{[%emt 00:28:31]} Be6 {[%clk 01:12:34]} {[%emt 00:08:11]} 20. a4 {[%clk
00:20:10]} {[%emt 00:02:48]} Qb6 {[%clk 01:10:21]} {[%emt 00:02:43]} 21. b4
{[%clk 00:16:15]} {[%emt 00:04:25]} 1/2-1/2

[Event "Deutsche Ländermeisterschaft 2023"]
[Site "Hannover GER"]
[Date "2023.10.02"]
[Round "3"]
[White "Nizamova, Rita"]
[Black "Wunderlich, Elias"]
[Result "0-1"]
[Termination "normal"]
[Board "3.5"]
[WhiteElo "1825"]
[BlackElo "2008"]
[WhiteClock "00:16:31"]
[BlackClock "00:28:04"]
[WhiteTeam "Niedersachsen"]
[BlackTeam "Bayern"]
[PlyCount "88"]
[WhiteFideId "16221940"]
[BlackFideId "34608087"]
[EventCountry "GER"]
[EventRounds "7"]
[EventType "team-swiss"]
[EventDate "2023.09.30"]

1. d4 {[%clk 01:30:58]} {[%emt 00:00:02]} d5 {[%clk 01:30:55]} {[%emt
00:00:05]} 2. c4 {[%clk 01:31:24]} {[%emt 00:00:04]} e6 {[%clk 01:31:21]}
{[%emt 00:00:04]} 3. Nf3 {[%clk 01:31:45]} {[%emt 00:00:09]} Nf6 {[%clk
01:31:39]} {[%emt 00:00:12]} 4. g3 {[%clk 01:32:10]} {[%emt 00:00:05]} Bb4+
{[%clk 01:31:53]} {[%emt 00:00:15]} 5. Bd2 {[%clk 01:32:26]} {[%emt 00:00:14]}
Be7 {[%clk 01:32:15]} {[%emt 00:00:09]} 6. Bg2 {[%clk 01:32:24]} {[%emt
00:00:33]} b6 {[%clk 01:31:57]} {[%emt 00:00:47]} 7. Nc3 {[%clk 01:31:26]}
{[%emt 00:01:28]} O-O {[%clk 01:32:06]} {[%emt 00:00:21]} 8. O-O {[%clk
01:31:20]} {[%emt 00:00:36]} Bb7 {[%clk 01:32:19]} {[%emt 00:00:16]} 9. b3
{[%clk 01:23:06]} {[%emt 00:08:45]} Nbd7 {[%clk 01:31:57]} {[%emt 00:00:52]}
10. Qc2 {[%clk 01:23:05]} {[%emt 00:00:31]} Rc8 {[%clk 01:31:23]} {[%emt
00:01:03]} 11. Rfd1 {[%clk 01:20:43]} {[%emt 00:02:52]} c5 {[%clk 01:29:41]}
{[%emt 00:02:11]} 12. dxc5 {[%clk 01:17:47]} {[%emt 00:03:26]} Rxc5 {[%clk
01:27:54]} {[%emt 00:02:17]} 13. Be3 {[%clk 01:01:53]} {[%emt 00:16:25]} Rc8
{[%clk 01:27:27]} {[%emt 00:00:56]} 14. Bd4 {[%clk 00:44:14]} {[%emt 00:18:10]}
Qc7 {[%clk 01:26:04]} {[%emt 00:01:52]} 15. Qb2 {[%clk 00:39:01]} {[%emt
00:05:42]} dxc4 {[%emt 00:29:10]} 16. bxc4 {[%clk 00:38:00]} {[%emt 00:00:27]}
Qb8 {[%clk 00:58:27]} {[%emt 00:00:32]} 17. e4 {[%clk 00:24:43]} {[%emt
00:13:48]} e5 {[%clk 00:49:42]} {[%emt 00:09:14]} 18. Be3 {[%clk 00:18:15]}
{[%emt 00:06:57]} Rxc4 {[%clk 00:49:46]} {[%emt 00:00:25]} 19. Bg5 {[%clk
00:14:08]} {[%emt 00:04:38]} Rfc8 {[%clk 00:40:51]} {[%emt 00:09:25]} 20. Rac1
{[%clk 00:13:48]} {[%emt 00:00:50]} Bf8 {[%clk 00:40:13]} {[%emt 00:01:09]} 21.
Nd2 {[%clk 00:12:10]} {[%emt 00:02:08]} R4c7 {[%clk 00:31:31]} {[%emt
00:09:11]} 22. Bh3 {[%clk 00:08:29]} {[%emt 00:04:11]} Re8 {[%clk 00:26:14]}
{[%emt 00:05:47]} 23. Nb5 {[%clk 00:07:22]} {[%emt 00:01:37]} Rxc1 {[%clk
00:25:50]} {[%emt 00:00:53]} 24. Rxc1 {[%clk 00:07:43]} {[%emt 00:00:09]} Nc5
{[%clk 00:24:32]} {[%emt 00:01:48]} 25. Bf1 {[%clk 00:03:09]} {[%emt 00:05:04]}
Nfxe4 {[%clk 00:24:02]} {[%emt 00:01:00]} 26. Nxe4 {[%clk 00:03:16]} {[%emt
00:00:23]} Bxe4 {[%clk 00:24:15]} {[%emt 00:00:16]} 27. Qd2 {[%clk 00:02:14]}
{[%emt 00:01:32]} f6 {[%clk 00:23:01]} {[%emt 00:01:44]} 28. Be3 {[%clk
00:02:15]} {[%emt 00:00:29]} Rd8 {[%clk 00:22:25]} {[%emt 00:01:06]} 29. Bc4+
{[%clk 00:02:27]} {[%emt 00:00:19]} Kh8 {[%clk 00:22:43]} {[%emt 00:00:12]} 30.
Qe2 {[%clk 00:02:34]} {[%emt 00:00:23]} Qb7 {[%clk 00:21:06]} {[%emt 00:02:07]}
31. Qf1 {[%clk 00:02:21]} {[%emt 00:00:43]} Qd7 {[%clk 00:18:15]} {[%emt
00:03:19]} 32. f3 {[%clk 00:01:50]} {[%emt 00:01:02]} Bc6 {[%clk 00:18:00]}
{[%emt 00:00:45]} 33. Nc3 {[%clk 00:01:37]} {[%emt 00:00:43]} Qf5 {[%clk
00:11:14]} {[%emt 00:07:16]} 34. Be2 {[%clk 00:01:42]} {[%emt 00:00:26]} g6
{[%clk 00:08:57]} {[%emt 00:02:48]} 35. a4 {[%clk 00:02:05]} {[%emt 00:00:06]}
Nb3 {[%clk 00:07:39]} {[%emt 00:01:48]} 36. g4 {[%clk 00:01:42]} {[%emt
00:00:54]} Qd7 {[%clk 00:07:49]} {[%emt 00:00:19]} 37. Rd1 {[%clk 00:02:00]}
{[%emt 00:00:12]} Nd4 {[%clk 00:07:53]} {[%emt 00:00:26]} 38. Bxd4 {[%clk
00:01:38]} {[%emt 00:00:53]} exd4 {[%clk 00:08:13]} {[%emt 00:00:09]} 39. Ne4
{[%clk 00:01:57]} {[%emt 00:00:11]} Bc5 {[%clk 00:07:18]} {[%emt 00:01:25]} 40.
Kh1 {[%clk 00:01:15]} {[%emt 00:01:12]} f5 {[%clk 00:02:55]} {[%emt 00:04:54]}
41. Nf6 {[%clk 00:27:06]} {[%emt 00:04:39]} Qe7 {[%clk 00:32:37]} {[%emt
00:00:48]} 42. g5 {[%clk 00:26:40]} {[%emt 00:00:57]} Qe3 {[%clk 00:28:47]}
{[%emt 00:04:19]} 43. Qg2 {[%clk 00:16:32]} {[%emt 00:10:39]} d3 {[%clk
00:27:52]} {[%emt 00:01:24]} 44. Qh3 {[%clk 00:16:31]} {[%emt 00:00:31]} Rd7
{[%clk 00:28:04]} {[%emt 00:00:18]} 0-1